<A> concise history of Poland

Salvato in:
Dettagli Bibliografici
Autore principale: Lukowski, Jerzy
Altri autori: Zawadzki, Hubert
Natura: Libro
Lingua:inglese
Pubblicazione: Cambridge Press Syndicate of the University of Cambridge 2005
Serie:Cambridge concise histories
Soggetti:
Tags: Aggiungi Tag
Nessun Tag, puoi essere il primo ad aggiungerne!!

MARC

LEADER 00000nam$a2200000$$$4500
001 0095998
005 20240313124540.4
020 |a 0-521-55917-0 
041 0 |a eng 
044 |a GB 
245 1 0 |a <A> concise history of Poland  |c Jerzy Lukowski and Hubert Zawadzki 
264 1 |a Cambridge  |b Press Syndicate of the University of Cambridge  |c 2005 
300 |a 317 s. 
490 1 |a Cambridge concise histories 
830 0 |a Cambridge concise histories 
610 2 0 |a dejiny 
610 2 0 |a história 
610 2 0 |a vývoj spoločenský 
610 2 0 |a vývoj politický 
610 2 0 |a formy organizácie politickej 
610 2 0 |a moc politická 
610 2 0 |a moc štátna 
610 2 0 |a Poľsko 
100 1 |a Lukowski, Jerzy 
700 1 |a Zawadzki, Hubert